The language of Business correspodence in English = Ngôn ngữ thư tín thương mại tiếng Anh

Spremljeno u:
Bibliografski detalji
Glavni autor: Nguyễn Trọng Đàn
Format: Knjiga
Jezik:Undetermined
Izdano: H. Thống kê 2003
Teme:
Oznake: Dodaj oznaku
Bez oznaka, Budi prvi tko označuje ovaj zapis!
Thư viện lưu trữ: Trung tâm Học liệu Trường Đại học Cần Thơ
LEADER 00652nam a2200217Ia 4500
001 CTU_59964
008 210402s9999 xx 000 0 und d
020 |b 60000 
082 |a 808.6 
082 |b Đ105 
100 |a Nguyễn Trọng Đàn 
245 4 |a The language of Business correspodence in English = 
245 0 |b Ngôn ngữ thư tín thương mại tiếng Anh 
245 0 |c Nguyễn Trọng Đàn 
260 |a H. 
260 |b Thống kê 
260 |c 2003 
650 |a commercial correspondence,english language 
650 |x rhetoric 
904 |i Minh 
980 |a Trung tâm Học liệu Trường Đại học Cần Thơ